Wilco Discography by Picture - Statistics

General Stats
  • This quiz has been taken 22 times
  • The average score is 12 of 13
Answer Stats
Picture Answer % Correct
AM
100%
Summerteeth
100%
Yankee Hotel Foxtrot
100%
Being There
95%
Wilco
95%
A Ghost Is Born
89%
Schmilco
89%
Sky Blue Sky
89%
Cruel Country
84%
Star Wars
84%
The Whole Love
79%
Cousin
74%
Ode to Joy
74%
No matching quizzes found
Score Distribution
Percent of People with Each Score
Percentile by Number Answered
Your Score History
You have not taken this quiz